000 00676nam a2200253Ia 4500
003 OSt
005 20220912151545.0
006 a|||||r|||| 00| 0
007 ta
008 220909b |||||||| |||| 00| 0 eng d
024 _a29039
037 _cTextual
040 _aCSL
_beng
_cCSL
041 _aeng
082 _aB280aX, M9-;1
100 _aDoran H E
245 0 _aApplied regression analysis in econometrics
260 _aNew York
_b Marcel Dekker
_c1989
300 _a372p.
_ccm.
490 _aStatistics textbook and monograph; 102
650 _aStatistics
942 _hB280aX, M9-;1
_cTEXL
_2CC
999 _c71258
_d71258